000 00686nam a2200229 a 4500
001 BRL_453
005 20190320210741.0
008 140813s1907----au-#######---#000-0#ger-#
041 _ager
044 _aau
050 4 _aBM724
_b.G43 1907
245 1 0 _aGebete der Israeliten
_cÜbersetzt und mit klärenden Anmerkungen versehen von J. N. Mannheimer
260 _aWien
_bBerlag von Gchlesinger´s Buchhandlung
_c1907
300 _a463 p.
_c17 cm.
500 _aTexto en: alemán y hebreo
500 _aZur brinnerung an die confirmations-feier
500 _aAu464
650 1 4 _aJudaismo
_xOraciones
_923960
700 1 _aMannheimer, J. N.
_923961
902 _aGRL
942 _2lcc
_cB
999 _c9265
_d9265